000
00300nam a2200121Ia 4500
008
150201s2010 xx 000 0 und d
082
_a
616.075
_b
C10V
100
_a
VERMA,KC
245
_a
CLINICAL ECHOCARDIOGRAPHY
260
_b
CBS
_a
DELHI
_c
2010
650
_a
MEDICINE AND DIAGNOSIS
942
_2
ddc
_c
BK
_0
2
999
_c
818
_d
818